000 01861nam0a2200349 4500
001 RU\NLR\bibl\1805709
005 20250616151844.0
010 _a978-5-7641-0058-6
_9150
021 _aRU
_b2011-58510
_94138
035 _a(NLR Aleph) 001796353
090 _a1783239
_c1783239
100 _a20110906d2011 |||y0rusy50 ca
101 0 _arus
102 _aRU
105 _aa |||||||||
200 1 _aИнженерно-химические и естественно-научные основы создания новых эко- и геозащитных технологий
_eмонография
_fЛ.Б. Сватовская, Л.Л. Масленникова, Е.И. Макарова [и др.]
_gФедер. агентство ж.-д. транспорта, Федер. гос. образоват. учреждение высш. проф. образования "Петерб. гос. ун-т путей сообщения"
210 _aСанкт-Петербург
_cПГУПС
_d2011
215 _a89 с.
_cил.
_d20
320 _aБиблиогр.: с. 85-88 (42 назв.)
606 1 _aСтроительные материалы керамические
_xПроизводство из отходов
_92136893
_3RU\NLR\auth\661592814
606 1 _aПромышленные отходы
_xУтилизация
_xЭкологическая безопасность
_92132266
_3RU\NLR\auth\661590335
686 _aЖ69
686 _aЛ422
701 1 _aСватовская
_bЛ. Б.
_gЛариса Борисовна
_4070
701 1 _aМасленникова
_bЛ. Л.
_gЛюдмила Леонидовна
_4070
701 1 _aМакарова
_bЕ. И.
_gЕлена Игоревна
_4070
801 0 _aRU
_bNLR
_c20110906
_gRCR
801 1 _aRU
_bNLR
_c20110906
942 _cBOOK
980 _aNB
980 _aNBR